Migrace stěhování lidstva od pravěku po současnost

Salvato in:
Dettagli Bibliografici
Autore principale: Cohen, Robin
Natura: Libro
Lingua:ceco
Pubblicazione: Brno mapcards.net 2019
Soggetti:
Tags: Aggiungi Tag
Nessun Tag, puoi essere il primo ad aggiungerne!!

MARC

LEADER 00000nam a2200000 4500
001 0268649
005 20240221113005.0
020 |a 978-80-87850-09-1 
041 0 |a cze 
044 |a CZ 
245 1 0 |a Migrace  |b stěhování lidstva od pravěku po současnost  |c Robin Cohen 
264 1 |a Brno  |b mapcards.net  |c 2019 
300 |a 224 s. 
610 2 0 |a migrácia 
610 2 0 |a história 
610 2 0 |a vývoj 
610 2 0 |a spoločnosť 
610 2 0 |a podmienky životné 
610 2 0 |a prostredie životné 
610 2 0 |a politika 
610 2 0 |a konflikty 
610 2 0 |a porovnanie medzinárodné 
610 2 0 |a prognózy 
100 1 |a Cohen, Robin